000 01050nam0a2200337 4500
001 RU\NLR\bibl\251174
005 20250620122858.0
010 _a5-271-02748-1
_bВ пер.
_915000
021 _aRU
_b2001-56983
_92775
035 _a(NLR Aleph) 000246973
090 _a1440373
_c1440373
100 _a20020320d2001 |||y0rusy50 ca
101 1 _arus
_ceng
102 _aRU
105 _aa |||||||||
200 1 _aСамозащита
_f[Б. Дейвис
_gПер. с англ. Н. Шелеминой]
210 _aМ.
_cАстрель
_cАСТ
_d2001
215 _a240 с.
_cил.
_d15
225 1 _aМини-энциклопедия
_eВсе обо всем
606 0 _aСамооборона
_91367318
_3RU\NLR\auth\66572567
610 0 _aСамооборона
675 _a355.58
_v3
_zrus
686 _a68.9
_2rubbk
686 _aЦ4,6(2Р)361.12
702 1 _aДейвис
_bБ.
_4220
801 0 _aRU
_bRKP
_c20020320
_gPSBO
801 1 _aRU
_bRKP
_c20020320
801 2 _aRU
_bNLR
_c20020424
_grcr
942 _cBOOK
980 _aNB